| 000 | 00000nas 2200000za 4500 |
| 001 | 9.860261 |
| 003 | CaOODSP |
| 005 | 20221107160440 |
| 007 | cr ||||||||||| |
| 008 | 180808d19511961onchr p oss f0###a0eng|d |
| 022 | |y0837-4317 |
| 040 | |aCaOODSP|beng |
| 041 | 0 |aeng|afre |
| 043 | |an-cn--- |
| 086 | 1 |aCS13-503E-PDF |
| 086 | 1 |aCS13-504E-PDF |
| 086 | 1 |aCS13-512E-PDF |
| 086 | 1 |aCS13-517E-PDF |
| 086 | 1 |aCS13-521E-PDF |
| 222 | 0|aDistribution of non-farm incomes in Canada by size |
| 245 | 00|aDistribution of non-farm incomes in Canada by size |h[electronic resource] / |cDominion Bureau of Statistics, Research and Development Division. |
| 260 | |aOttawa : |bDominion Bureau of Statistics, |c1954-1964. |
| 300 | |a5 v. |
| 310 | |aTriennial |
| 362 | 0 |a1951-1961. |
| 490 | 1 |aReference paper |
| 500 | |aDigitized edition from print [produced by Statistics Canada]. |
| 550 | |aIssued 1954, by Special Projects Section; 1957, by Research Projects Section; 1959-1961, by Central Research and Development Staff. |
| 580 | |aContinued by: Income distributions by size in Canada. |
| 692 | 07|2gccst|aIncome |
| 710 | 1 |aCanada. |bDominion Bureau of Statistics.|bCentral Research and Development Staff. |
| 710 | 1 |aCanada.|bDominion Bureau of Statistics.|bResearch and Development Division. |
| 785 | 00|tIncome distributions by size in Canada |w(CaOODSP)9.860249 |
| 830 | #0|aReference paper (Canada. Dominion Bureau of Statistics)|w(CaOODSP)9.820711 |